Name a Coastal City A-Z - Statistics

General Stats
  • This quiz has been taken 115 times
    72 since last reset
  • The average score is 15 of 25
Answer Stats
Letter # Answer % Correct
L 8 Lagos | Los Angeles | Lima | Luanda | Lisbon | Lome | Liverpool | Lianyungang
94%
S 21 Shanghai | San Francisco | Singapore | Shantou | Surat | Surabaya | St. Petersburg | Sydney | Seattle | Santo Domingo | Salvador | San Diego | Sapporo | Stockholm | Semarang | San Juan | Santos | Sendai | Sao Luis | Shizuoka | Sousse | Sfax
94%
B 10 Bangkok | Buenos Aires | Boston | Barcelona | Busan | Beirut | Brisbane | Baku | Belem | Barranquilla | Batam
90%
A 11 Alexandria | Abidjan| Accra | Athens | Algiers | Antalya | Auckland | Abu Dhabi | Adelaide | Amsterdam | Aracaju
87%
M 18 Manila | Mumbai | Miami | Melbourne | Medan| Maputo | Maracaibo | Mogadishu | Makassar | Montevideo | Marseille | Manama | Monrovia | Maoming | Muscat | Mombasa | Maceio | Malaga
83%
D 11 Dar es Salaam | Dubai | Dalian | Dakar | Durban | Douala | Dammam | Doha | Davao | Denpasar | Dublin
81%
J 4 Jakarta | Jeddah | Jacksonville | Jinzhou | Joao Pessoa
81%
H 10 Ho Chi Minh City | Hong Kong | Houston | Huizhou | Havana | Hiroshima | Haikou | Hamamatsu | Helsinki | Honolulu
79%
T 13 Tokyo | Tianjin | Taipei | Tampa | Tangshan | Tel Aviv | Tunis | Taichung | Taizhou | Tijuana | Tainan | Tripoli | Tangier
79%
N 10 New York City | Nagoya | Naples | Ningbo | Nantong | Newcastle | Natal | Nouakchott | Naha | New Orleans
77%
C 7 Chennai | Chittagong | Cape Town | Casablanca | Conakry | Copenhagen | Cartagena
73%
O 5 Osaka | Okayama | Oran | Odessa | Oslo
71%
P 7 Porto Alegre | Port-au-Prince | Perth | Panama City | Porto | Putian | Panjin
63%
R 5 Rio de Janeiro | Recife | Rabat | Rostov-on-Don | Rizhao
63%
K 5 Karachi | Kuwait City | Kaohsiung | Kitakyushu | Kumamoto
56%
G 3 Guangzhou | Georgetown | Gaza
54%
V 6 Vancouver | Visakhapatnam | Valencia | Vitoria | Virginia Beach | Valparaiso
54%
I 2 Istanbul | Izmir
52%
F 4 Fuzhou | Fortaleza | Fukuoka | Freetown | Florianopolis
48%
X 1 Xiamen
42%
Y 5 Yangon | Yantai | Yogyakarta | Yancheng | Yingkou
35%
Q 2 Qingdao | Qinhuangdao
29%
W 2 Wenzhou | Weifang
15%
U 1 Ulsan
6%
Z 2 Zhuhai | Zhanjiang
4%
No matching quizzes found
Score Distribution
Percent of People with Each Score
Percentile by Number Answered
Your Score History
You have not taken this quiz since the last reset